Totálna syntéza jaspínu B bakalárska práca

Na minha lista:
Detalhes bibliográficos
Autor principal: Gavenda, Michal
Formato: Livro
Idioma:eslovaco
Publicado em: Bratislava STU FCHPT 2018
Acesso em linha:View in OPAC
Tags: Adicionar Tag
Sem tags, seja o primeiro a adicionar uma tag!

MARC

LEADER 00000nam a2200000 a 4500
005 20260127134041.0
008 181105 2018 xo a 001 0 slo d
035 |a vtls011788764 
039 9 |y 201811050930  |z mschk03 
040 |a STUSCHK1  |b slo  |c STUSCHK1  |e AACR2 
100 1 |a Gavenda, Michal 
245 1 |a Totálna syntéza jaspínu B  |b bakalárska práca  |c Michal Gavenda 
260 |a Bratislava  |b STU FCHPT  |c 2018 
300 |a 46 s.  |b il.  |c 25 cm 
500 |a Študijný program: chémia, medicínska chémia a chemické materiály 
500 |a Študijný odbor: chemické technológie, chémia 
500 |a Školiace pracoisko: Oddelenie organickej chémie 
500 |a Evid. číslo: FCHPT-13569-81923 
910 |a SCHK95 
999 |c 2926  |d 2926